Neritic carbonate sediments in a temperate realm : Southern Australia (Record no. 32885)

MARC details
000 -LEADER
fixed length control field 00630nam a2200181Ia 4500
020 ## - INTERNATIONAL STANDARD BOOK NUMBER
ISBN 978- 90- 481- 9288- 5
050 ## - CALL MARK
Classification number GC 393 .J36/
100 ## - STATEMENT OF RESPONSIBILITY--MAIN AUTHOR NAME
Personal name James, Noel P.
245 #0 - TITLE STATEMENT
Title Neritic carbonate sediments in a temperate realm : Southern Australia
260 ## - PUBLICATION, DISTRIBUTION, ETC. (IMPRINT)
Place of publication New York
260 ## - PUBLICATION, DISTRIBUTION, ETC. (IMPRINT)
Name of publisher Springer
260 ## - PUBLICATION, DISTRIBUTION, ETC. (IMPRINT)
Year of publication 2011
300 ## - PHYSICAL DESCRIPTION
Number of Pages 254 p
650 ## - SUBJECT ADDED ENTRY--TOPICAL TERM
Topical Term Marine sediments --Indian Ocean. Continental margins --Australia. Carbonate rocks --Indian Ocean. Geology, Stratigraphic --Pleistocene. Facies (Geology) --Indian Ocean.
942 ## - ADDED ENTRY ELEMENTS (KOHA)
Koha item type Books
Holdings
Withdrawn status Lost status Source of classification or shelving scheme Damaged status Not for loan Permanent Location Current Location Date acquired Accession Number Price effective from Koha item type
    Library of Congress Classification     NILE UNIVERSITY OF NIGERIA - MAIN LIBRARY NILE UNIVERSITY OF NIGERIA - MAIN LIBRARY 04/23/2025 0002397 04/23/2025 Books